Covid-19 Pandemic Business (Record no. 9548)
[ view plain ]
| 000 -LEADER | |
|---|---|
| fixed length control field | 01861cam a22001814a 4500 |
| 005 - ΗΜΕΡΟΜΗΝΙΑ ΚΑΙ ΩΡΑ ΤΕΛΕΥΤΑΙΑΣ ΕΝΗΜΕΡΩΣΗΣ | |
| Πεδίο ελέγχου | 20250605164403.0 |
| 008 - FIXED-LENGTH DATA ELEMENTS--GENERAL INFORMATION | |
| Πεδίο ελέγχου σταθερού μήκους | 250528s ||||||||||||||||||||||||d |
| 035 ## - SYSTEM CONTROL NUMBER | |
| System control number | 24681 |
| 040 ## - ΠΗΓΗ ΚΑΤΑΛΟΓΟΓΡΑΦΗΣΗΣ | |
| Φορέας πρωτότυπης καταλογογράφησης | MC Athens Campus Library |
| Γλώσσα καταλογογράφησης | Ελληνικά, Μοντέρνα (1453-) |
| Modifying agency | MC Athens Campus Library |
| Κανόνες περιγραφικής καταλογογράφησης | AACR2 |
| 245 1# - ΤΙΤΛΟΣ ΚΑΙ ΔΗΛΩΣΗ ΥΠΕΥΘΥΝΟΤΗΤΑΣ | |
| Τίτλος | Covid-19 Pandemic Business |
| 260 ## - PUBLICATION, DISTRIBUTION, ETC. | |
| Name of publisher, distributor, etc. | Δελτίον Διοικήσεως Επιχειρήσεων, |
| Date of publication, distribution, etc. | 2020 |
| 300 ## - PHYSICAL DESCRIPTION | |
| Extent | 88 |
| 520 ## - SUMMARY, ETC. | |
| Summary, etc. | Έρχεται Νέο Νόμισμα στη Μετα Covid-19 Εποχή, Τεκτονικές Αλλαγές για Πράσινες Επενδύσεις και Χρηματοδοτήσεις, Ο Κόσμος μετά την Πανδημία να είναι πολύ καλύτερος, ΙΟΒΕ: Δυσοίωνες Προβλέψεις για την Ελληνική Οικονομία, ΟΚΕ: Προτάσεις για την Επόμενη Μέρα, Επιτροπή Κεφαλαιαγοράς: Νέο Νομοσχέδιο για το Χρηματιστήριο, Πετρέλαιο: Πτώση έως 40% Προβλέπει η Παγκόσμια Τράπεζα για το 2020, ΤτΕ: Αύξηση Τραπεζικών Καταθέσεων τον Μάρτιο, ECSA-ETF: Κοινή Επιστολή στην ΕΕ για να Παρθούν Ρυθμιστικά Μέτρα, BIMCO: Μεγάλη Μείωση στις Παραγγελίες Νεότευκτων στο Α' Τρίμηνο, Η ΕΕ Εγκαινιάζει Νέο Πιλοτικό Πρόγραμμα Ύψους 50 Εκατ. Ευρώ για την Ανάπτυξη Δεξιοτήτων και την Εκπαίδευση σε Όλη την Ευρώπη, Τα Νέα των Βιομηχανικών και Εμπορικών Επιχειρήσεων. |
| 700 1# - ΠΡΟΣΘΕΤΗ ΑΝΑΓΡΑΦΗ--ΦΥΣΙΚΟ ΠΡΟΣΩΠΟ | |
| Personal name | Παπαμιχαλάκης Ιωάννης Ν |
| 9 (RLIN) | 9495 |
| 942 ## - ADDED ENTRY ELEMENTS (KOHA) | |
| Koha item type | Περιοδικά Δημοσιεύματα |
| Τύπος τεκμηρίου | Βιβλιοθήκη | Τρέχουσα τοποθεσία | Barcode | Ημερομηνία απόκτησης | Ταξιθετικό σύμβολο | Αριθμός αντιτύπου | Αρίθμηση σειρών / χρονολογία | Κατάσταση απόσυρσης | Κατάσταση χαμένου | Κατάσταση κατεστραμμένου | Μη δανεισμός | Σύνολο δανεισμών | Ημερομηνία τελευταίας εμφάνισης | Η τιμή ισχύει από |
|---|---|---|---|---|---|---|---|---|---|---|---|---|---|---|
| Περιοδικά Δημοσιεύματα | MC Athens Campus Library | MC Athens Campus Library | 9780000095473 | 05/06/2025 | ΔΕΛΤΙΟΝ ΔΙΟΙΚΗΣΗ ΕΠΙΧΕΙΡΗΣΕΩΝ | 1 | 441 | 05/06/2025 | 05/06/2025 |